000 00440nam a22001817a 4500
003 MPLRDC
005 20220104145725.0
008 210129b ||||| |||| 00| 0 eng d
082 _a848.1 YDF-29
100 _a郁达夫著
245 _a郁达夫选集
_c
250 _a再版
260 _a
_b文学出版社
_c1957
300 _b
490 _a中国新文学丛书之二?
650 _a现代别集
942 _cBK
_o848.1 YDF-29
999 _c51478
_d51468